[Event "12th Open"]
[Site "Malaga ESP"]
[Date "2009.07.18"]
[Round "9"]
[White "Garcia Rodriguez,Vi"]
[Black "Goetzee,R"]
[Result "1-0"]
[WhiteElo "2090"]
[BlackElo "1949"]

1.e4 d5 2.exd5 Qxd5 3.Nc3 Qd6 4.Bc4 Nf6 5.h3 c6 6.d3 Bf5 7.Nge2 e6 8.Bf4 Qb4
9.O-O Nbd7 10.Nd4 Bg6 11.Re1 Be7 12.Qd2 O-O 13.a3 Qb6 14.Nxe6 fxe6 15.Rxe6 Bf7
16.Rxe7 Qxb2 17.Rb1 Qxa3 18.Rxf7 Rxf7 19.Rxb7 Kf8 20.Bxf7 Kxf7 21.Ne4 Kg8
22.Nxf6+ Nxf6 23.Be5 Qf8 24.Qg5 Ne8 25.Qg4 a5 26.Qe6+ Kh8 27.Rf7 Qc5 28.Re7  1-0

[Event "Politiken Cup"]
[Site "Helsingor DEN"]
[Date "2009.07.19"]
[Round "3"]
[White "Veng,J"]
[Black "Jensen,Mo"]
[Result "1-0"]
[WhiteElo "2243"]
[BlackElo "2026"]

1.e4 d5 2.exd5 Qxd5 3.Nc3 Qd6 4.d4 Nf6 5.Nge2 a6 6.Bf4 Qd8 7.g3 e6 8.Bg2 Bd6
9.O-O O-O 10.h3 Bxf4 11.Nxf4 c6 12.Na4 Nbd7 13.Nd3 Qc7 14.Re1 b6 15.Qd2 Bb7
16.b3 Rfd8 17.Qc3 Rac8 18.Rad1 c5 19.Bxb7 Qxb7 20.dxc5 b5 21.Nab2 Nd5 22.Qa5 Rf8
23.c4 N5f6 24.Qb4 Qc6 25.cxb5 axb5 26.Rc1 Ra8 27.a4 bxa4 28.Nxa4 Rab8 29.Qc4 Qf3
30.b4 Qf5 31.g4 Qf3 32.Re3 Qc6 33.Nc3 Nb6 34.Qa6 Rfc8 35.cxb6 Rxb6 36.Qa1 Ra8
37.Qb2 Qb7 38.b5 Nd5 39.Nxd5 Qxd5 40.Rc5 Qd7 41.Ne1 h6 42.Rd3 Qb7 43.Qe2 Ra5
44.Rd8+ Kh7 45.Qd3+ f5 46.Rd7 Qe4 47.Qc3  1-0

[Event "Corporation Centre Cup"]
[Site "Izhevsk RUS"]
[Date "2009.07.19"]
[Round "5"]
[White "Fedoseev,Vl1"]
[Black "Shibanov,V"]
[Result "1-0"]
[WhiteElo "2179"]
[BlackElo "1844"]

1.e4 d5 2.exd5 Qxd5 3.Nc3 Qd6 4.d4 Nf6 5.Bc4 a6 6.Bb3 Bg4 7.Nge2 e6 8.f3 Bh5
9.Bf4 Qd7 10.Qd2 Nc6 11.O-O-O O-O-O 12.a3 Bg6 13.Rhe1 Nd5 14.Bg3 Nce7 15.Nf4 Nxc3
16.Qxc3 Nf5 17.Nxe6 Nxg3 18.Nxd8 Nf5 19.Ne6 Bd6 20.Nc5 Qc6 21.g3 h5 22.Ne4 Qd7
23.Nxd6+ Nxd6 24.Bc4 Kb8 25.Bd3 Rh6 26.Bxg6 Rxg6 27.d5 Rf6 28.f4 h4 29.Re5 Qb5
30.Re7 Qb6 31.Rde1 Rf5 32.R7e5 Rf6 33.Qe3 Qb5 34.Qd4 hxg3 35.hxg3 b6 36.Qb4 Qd7
37.Re7 Qc8 38.Qa4 b5 39.Qb4 Qb7 40.Qc5 Nc8 41.Re8 Rd6 42.Rh8 Rh6 43.Rg8  1-0

[Event "17th Open"]
[Site "Saint Affrique FRA"]
[Date "2009.07.19"]
[Round "2"]
[White "Boudre,JP"]
[Black "Tardif,S"]
[Result "1-0"]
[WhiteElo "2337"]
[BlackElo "2006"]

1.e4 d5 2.exd5 Qxd5 3.Nc3 Qd6 4.d4 c6 5.Nf3 Bg4 6.h3 Bh5 7.g4 Bg6 8.h4 Nf6
9.h5 Be4 10.Nxe4 Nxe4 11.Bd3 Nf6 12.g5 Nd5 13.c4 Nf4 14.Bxf4 Qxf4 15.Rh4 Qd6
16.Qb3 e6 17.O-O-O Qb4 18.Qc2 Qa5 19.a3 Nd7 20.Kb1 b5 21.cxb5 cxb5 22.Qc6  1-0

[Event "Maria Albulet Mem"]
[Site "Braila ROM"]
[Date "2009.07.20"]
[Round "2"]
[White "Makropoulou,M"]
[Black "Gheorghe,C"]
[Result "1-0"]
[WhiteElo "2245"]
[BlackElo "2209"]

1.e4 d5 2.exd5 Qxd5 3.Nc3 Qd8 4.d4 c6 5.Bc4 Nf6 6.Nf3 b5 7.Bb3 e6 8.O-O a5
9.a3 Be7 10.Ne5 O-O 11.Re1 Qc7 12.Qf3 Bb7 13.Qh3 b4 14.axb4 axb4 15.Rxa8 Bxa8
16.Ne2 Nd5 17.Nf4 Qd6 18.Nh5 g6 19.Bh6 Re8 20.Qf3 f5 21.Ng7 Rc8 22.Nc4 Qd7
23.Nb6  1-0

[Event "32nd Taminco Open"]
[Site "Ghent BEL"]
[Date "2009.07.20"]
[Round "5"]
[White "Rademakers,M"]
[Black "Ten Hagen,Y"]
[Result "1/2-1/2"]
[WhiteElo "2066"]
[BlackElo "2150"]

1.e4 d5 2.exd5 Qxd5 3.Nc3 Qd6 4.d4 Nf6 5.Nf3 a6 6.Be2 Nc6 7.O-O Bf5 8.a3 O-O-O
9.Be3 e5 10.dxe5 Nxe5 11.Qxd6 Bxd6 12.Nd4 Bg6 13.h3 Bc5 14.Rfd1 Rhe8 15.Rac1 Re7
16.b4 Ba7 17.Nf5 Rxd1+ 18.Nxd1 Bxf5 19.Bxa7 b6 20.Bxa6+ Kd8 21.Ne3 Bd7 22.Bb7 Nc6
23.Bxc6 Bxc6 24.c4 Kc8 25.b5 Be4 26.c5 Kb7 27.cxb6 cxb6 28.Bxb6 Kxb6 29.Nc4+ Ka7
30.Nd6 Re6 31.Nxf7 Kb6 32.a4 Ka5 33.Ng5 Re5 34.Nxe4 Rxe4 35.Rc7 g6 36.Ra7+ Kb4
37.b6 Re8 38.Rf7  1/2-1/2

[Event "Politiken Cup"]
[Site "Helsingor DEN"]
[Date "2009.07.20"]
[Round "4"]
[White "Ryberg,D"]
[Black "Skovgaard,T"]
[Result "0-1"]
[WhiteElo "1815"]
[BlackElo "1983"]

1.e4 d5 2.exd5 Qxd5 3.Nc3 Qd6 4.d4 a6 5.Bd3 Nf6 6.Be3 b5 7.a3 Bb7 8.f3 Nc6
9.Ne4 Nxe4 10.Bxe4 e6 11.Ne2 Be7 12.O-O O-O 13.Bf4 Qd7 14.c3 Na5 15.Bc2 g6
16.b3 Rfd8 17.Qe1 Bd5 18.c4 bxc4 19.Qxa5 cxb3 20.Be4 Bc4 21.Bxa8 Bxe2 22.Rfe1 Qxd4+
23.Kh1 Qxf4 24.Rxe2 Rxa8 25.Qd2 Qxd2 26.Rxd2 Bg5 27.Rd7 c5 28.Rc7 Be3 29.Rb7 b2
30.Rd1 Bd4 31.Rd2 e5 32.Rbxb2 Bxb2 33.Rxb2 c4 34.Rc2 Rd8 35.Kg1 Rd4 36.Kf2 f5
37.Ke2 Kf7 38.Rb2 c3 39.Rb7+ Ke6 40.Rc7 Rd2+ 41.Ke1 Rxg2 42.Rxc3 Kd5 43.Rc7 Rxh2
44.Ra7 Kd4 45.Rxa6 Ke3 46.Kd1 Kxf3 47.a4 e4 48.Rb6 e3 49.Rb3 Rh1+ 50.Kc2 Ra1  0-1

[Event "Politiken Cup"]
[Site "Helsingor DEN"]
[Date "2009.07.20"]
[Round "4"]
[White "Strand,Kj"]
[Black "Kaster,M"]
[Result "0-1"]
[WhiteElo "2043"]
[BlackElo "2154"]

1.e4 d5 2.exd5 Qxd5 3.Nc3 Qd6 4.d4 Nf6 5.Nf3 Bg4 6.Bd3 c6 7.Be3 Nbd7 8.O-O Nb6
9.a3 e6 10.Na2 Be7 11.c4 Qd7 12.Nc3 O-O 13.Ne5 Bxd1 14.Nxd7 Nbxd7 15.Raxd1 Rfd8
16.Bc2 Nb6 17.Bb3 Rd7 18.f3 Rad8 19.Rfe1 Ne8 20.c5 Na8 21.Ne4 Nac7 22.a4 Nf6
23.Bf4 Nce8 24.Be5 Kf8 25.Kf2 Nxe4+ 26.fxe4 f6 27.Bf4 Rxd4 28.Rxd4 Bxc5 29.Bxe6 Rxd4
30.Be3 Rd2+ 31.Re2 Bxe3+ 32.Kxe3 Rxe2+ 33.Kxe2 Ke7 34.Bg8 h6 35.Bc4 Kd6 36.Ke3 Ke5
37.b4 Nd6 38.Bd3 b6 39.a5 bxa5 40.bxa5 c5 41.h4 f5 42.exf5 Nxf5+ 43.Kd2 Nxh4
44.g3 Nf5 45.g4 Nd6 46.Kc3 Kd5 47.a6 c4 48.Be2 Kc5 49.Bf3 Nb5+ 50.Kd2 c3+
51.Kd3 c2 52.Kd2 Nc7 53.Bb7 c1=Q+ 54.Kxc1 Kb6 55.Kd2 Nxa6 56.Bc8 Nc5 57.Bf5 Kc6
58.Ke3 Kd5 59.Kf4 g5+ 60.Ke3 a5 61.Bb1 Ke5 62.Bc2 a4 63.Bb1 a3 64.Ba2 Ne4  0-1

[Event "17th Open"]
[Site "Saint Affrique FRA"]
[Date "2009.07.20"]
[Round "4"]
[White "Crut,A"]
[Black "Tardif,S"]
[Result "1/2-1/2"]
[WhiteElo "2335"]
[BlackElo "2006"]

1.e4 d5 2.exd5 Qxd5 3.Nc3 Qd6 4.d4 Nf6 5.Nf3 c6 6.g3 Bg4 7.Bg2 Nbd7 8.O-O e6
9.Re1 Be7 10.Ne4 Nxe4 11.Rxe4 Nf6 12.Re1 O-O 13.c3 Rfd8 14.Bf4 Qd7 15.Qb3 Bxf3
16.Bxf3 Nd5 17.Bd2 Bf6 18.Rad1 Qc7 19.Bc1 Qb6 20.Qc4 a6 21.Qe2 Qa5 22.a3 Rac8
23.Be4 g6 24.Qf3 Bg7 25.h4 Rd7 26.Bc2 Nf6 27.Bg5 Qd5 28.Qf4 Nh5 29.Qe3 Nf6
30.Re2 Qb5 31.Qf3 Qd5 32.Kg2 Qxf3+ 33.Kxf3 Nd5 34.Bb3 h6 35.Bc1 Rcd8 36.g4 Kf8
37.Rde1 Kg8 38.Kg3 Kh7 39.Bc2 Kg8 40.f4 Bf8 41.Kf3 Nf6 42.f5 exf5 43.gxf5 gxf5
44.Rg1+ Kh8 45.Bf4 Nd5 46.Bh2 f4 47.Reg2 Bd6 48.Rg7 Nf6 49.Bb3 Rf8 50.R7g2 Nh5
51.Re1 Ng3  1/2-1/2

[Event "Najdorf Mem Open"]
[Site "Warsaw POL"]
[Date "2009.07.20"]
[Round "3"]
[White "Galazewski,T"]
[Black "Urban,K"]
[Result "0-1"]
[WhiteElo "2239"]
[BlackElo "2456"]

1.e4 d5 2.exd5 Qxd5 3.Nc3 Qd8 4.Bc4 Nf6 5.Nf3 e6 6.O-O a6 7.d4 b5 8.Bb3 c5
9.dxc5 Qxd1 10.Nxd1 Bxc5 11.Be3 Nbd7 12.a4 b4 13.Bxc5 Nxc5 14.Bc4 Bb7 15.Ne3 Bxf3
16.gxf3 Ke7 17.Rfe1 Rhd8 18.c3 bxc3 19.bxc3 g6 20.a5 Rdc8 21.Rab1 Ra7 22.Rb4 Ncd7
23.Reb1 Rc5 24.Nc2 Rxa5 25.Nd4 Rc5  0-1

[Event "ch-POL w"]
[Site "Bogatynia POL"]
[Date "2009.07.21"]
[Round "3"]
[White "Toma,K"]
[Black "Rajlich,I"]
[Result "0-1"]
[WhiteElo "2261"]
[BlackElo "2448"]

1.e4 d5 2.exd5 Qxd5 3.Nc3 Qd6 4.Bc4 Nf6 5.d3 a6 6.Be3 Nc6 7.Qd2 Na5 8.O-O-O Bg4
9.f3 Nxc4 10.dxc4 Qxd2+ 11.Rxd2 Bd7 12.Nge2 e6 13.a3 h5 14.Nf4 h4 15.Nd3 Rh5
16.Ne2 Bd6 17.c5 Bf8 18.c4 Bc6 19.b4 h3 20.Nd4 hxg2 21.Rxg2 Rd8 22.Rd2 Bd7
23.Bf4 Ba4 24.Nb2 Rh4 25.Be5 Bc6 26.Nxc6 Rxd2 27.Kxd2 bxc6 28.Bxc7 Nh5 29.Ke3 g6
30.Rd1 Bh6+ 31.Kf2 Nf4 32.Rh1 f6 33.Bxf4 Bxf4 34.h3 Be5 35.Nd3 Bc7 36.Nb2 g5
37.Kg2 Be5 38.Nd3 Bc3 39.Rc1 Bd4 40.a4 Kd7 41.b5 a5 42.b6 e5 43.Re1 Rh8 44.Rd1 Ke6
45.Kg3 f5 46.Re1 Rb8 47.Kg2 Kf6 48.Kh2 Re8 49.Rf1 Ke6 50.Re1 Kd7 51.Rd1 Kc8
52.Kg2 Re7 53.Re1 Re6 54.Re2 Kb7 55.Re1 e4 56.fxe4 fxe4 57.Nf2 e3 58.Nd3 e2
59.h4 gxh4 60.Rh1 Re3 61.Ne1 Rg3+  0-1

[Event "13th Battle of Senta Open A"]
[Site "Senta SRB"]
[Date "2009.07.21"]
[Round "5"]
[White "Kulakov,V"]
[Black "Bodiroga,P"]
[Result "0-1"]
[WhiteElo "2364"]
[BlackElo "2431"]

1.e4 d5 2.exd5 Qxd5 3.Nc3 Qd6 4.d4 Nf6 5.Nf3 c6 6.Ne5 Nbd7 7.Bf4 Nd5 8.Bg3 Nxc3
9.bxc3 Nxe5 10.Bxe5 Qd5 11.f3 f6 12.Bg3 Bf5 13.Bd3 Rd8 14.O-O e6 15.Re1 Kf7
16.Be4 Qa5 17.Qb1 Rd7 18.Qb3 Be7 19.Bd3 Bxd3 20.Qxe6+ Ke8 21.cxd3 Qxc3 22.Bf2 Qa5
23.Rab1 Qd5 24.Qxd5 cxd5 25.Bg3 Kf7 26.Rec1 Bd8 27.Rb5 Bb6 28.Bf2 Re8 29.Kf1 Re6
30.Rcb1 Ree7 31.a4 Bd8 32.Bg3 b6 33.Rc1 Re6 34.Rc8 h5 35.h3 g5 36.h4 g4 37.fxg4 hxg4
38.Bf4 Kg6 39.Kf2 f5 40.Kg3 Kh5 41.Kf2 Bxh4+ 42.g3 Bf6 43.Be5 Bxe5 44.dxe5 Rxe5
45.Rc2 Kg5 46.a5 Rh7 47.Kg2 bxa5 48.Rb8 Rhe7 49.Kf2 a4 50.Rb4 Rh7 51.Kg2 Re1
52.Rc6 Rhe7  0-1

[Event "Najdorf Mem Open"]
[Site "Warsaw POL"]
[Date "2009.07.21"]
[Round "4"]
[White "Rasmussen,U"]
[Black "Pazderski,Z"]
[Result "0-1"]
[WhiteElo "2148"]
[BlackElo "2228"]

1.e4 d5 2.exd5 Qxd5 3.Nc3 Qd6 4.d4 Nf6 5.Bd3 a6 6.Nge2 Bg4 7.f3 Bh5 8.Bf4 Qd7
9.d5 Nxd5 10.Nxd5 Qxd5 11.Bxc7 Qd7 12.Bg3 Bg6 13.Nf4 Bxd3 14.Nxd3 e6 15.Qe2 Be7
16.O-O-O O-O 17.h4 Qa4 18.Kb1 Nc6 19.Ne5 Rac8 20.c3 Rfd8 21.h5 h6 22.Nxc6 Qxc6
23.Be5 b5 24.Rd4 f6 25.Rxd8+ Rxd8 26.Bd4 Rd5 27.f4 Bc5 28.Bxc5 Rxc5 29.Re1 e5
30.f5 Qd7 31.g4 Rd5 32.Kc2 Qd6 33.Qe4 Rd2+ 34.Kb3 a5 35.Qa8+ Kh7 36.Qxa5 Qd3
37.Qb4 Qc2+ 38.Ka3 Rd7 39.Qb3 Qd2 40.Rg1 Ra7+ 41.Kb4 Qd6+ 42.Kxb5 Rb7+ 43.Kc4 Rc7+
44.Kb5 Qc5+  0-1

[Event "32nd Taminco Open"]
[Site "Ghent BEL"]
[Date "2009.07.22"]
[Round "9"]
[White "Ondersteijn,N"]
[Black "Ten Hagen,Y"]
[Result "1-0"]
[WhiteElo "2289"]
[BlackElo "2150"]

1.e4 d5 2.exd5 Qxd5 3.Nc3 Qd6 4.g3 Nf6 5.Bg2 a6 6.d4 Bg4 7.Nge2 Nc6 8.h3 Bxe2
9.Nxe2 O-O-O 10.O-O e6 11.c4 Qd7 12.Be3 Ne7 13.b4 h6 14.a4 Nf5 15.a5 Bxb4
16.Qb3 Nxe3 17.fxe3 c5 18.Nf4 Qc7 19.Nd3 Rd7 20.Nxb4 cxb4 21.Ra4 Qxg3 22.Rxb4 Ne4
23.Rf3 Qe1+ 24.Rf1 Qg3 25.Qd3 f5 26.c5 Rc7 27.Qe2 Rd8 28.Rb6 Re8 29.c6 Rxc6
30.Rxc6+ bxc6 31.Qxa6+ Kd7 32.Qa7+ Kd6 33.Rf3 Qe1+ 34.Kh2 Nd2 35.Qc5+ Kd7
36.Rg3 Re7 37.Qxc6+ Kd8 38.a6 Qe2 39.Qa8+ Kc7 40.a7 Nf1+ 41.Kg1  1-0

[Event "Dutch Open"]
[Site "Dieren NED"]
[Date "2009.07.23"]
[Round "3"]
[White "Van Rosmalen,J"]
[Black "Van der Knijff,R"]
[Result "1-0"]
[WhiteElo "2206"]
[BlackElo "1989"]

1.e4 d5 2.exd5 Qxd5 3.Nc3 Qd6 4.Nf3 Nf6 5.d4 g6 6.Bc4 Bg7 7.Ne5 O-O 8.Bf4 Qd8
9.h4 Nbd7 10.Qf3 Nb6 11.Bb3 c6 12.O-O-O Nbd5 13.h5 Nxf4 14.Qxf4 Nd5 15.hxg6 hxg6
16.Qh4 Re8 17.Nxd5 cxd5 18.Ba4  1-0

[Event "MTO"]
[Site "Biel SUI"]
[Date "2009.07.24"]
[Round "5"]
[White "Kosintseva,T"]
[Black "Gallagher,Jo"]
[Result "0-1"]
[WhiteElo "2539"]
[BlackElo "2455"]

1.e4 d5 2.exd5 Qxd5 3.Nc3 Qd6 4.d4 Nf6 5.Nf3 c6 6.g3 Bg4 7.Bg2 e6 8.O-O Qc7
9.h3 Bxf3 10.Qxf3 Nbd7 11.Ne2 Bd6 12.c4 O-O 13.c5 Be7 14.Bf4 e5 15.dxe5 Nd5
16.e6 Nxf4 17.Nxf4 Nxc5 18.exf7+ Rxf7 19.b4 g5 20.bxc5 gxf4 21.g4 Bxc5 22.Qc3 Bf8
23.Rad1 f3 24.Bxf3 Qf4 25.Bg2 Re8 26.Rd4 Qf6 27.Qd2 Bc5 28.Rd7 Rxd7 29.Qxd7 Re7
30.Qd2 Rf7 31.Qc2 Bb6 32.Qd2 Qf4 33.Qc2 Bd4 34.Qe2 Kg7 35.Qc2 c5 36.Qe4 b5
37.Qxf4 Rxf4 38.Bd5 c4 39.Kg2 c3 40.f3 Be3 41.Bb3 Rb4 42.Re1 Rxb3 43.Rxe3 c2
44.Re7+ Kf6 45.Rc7 Rb2 46.Kg3 Rxa2 47.h4 b4 48.g5+ Ke6 49.h5 b3  0-1

[Event "ch-Africa"]
[Site "Tripoli LBA"]
[Date "2009.07.24"]
[Round "4"]
[White "El Kamel,A"]
[Black "Chahrani,I"]
[Result "0-1"]
[WhiteElo "2239"]
[BlackElo "2280"]

1.e4 d5 2.exd5 Qxd5 3.Nc3 Qd6 4.d4 Nf6 5.Nf3 c6 6.Ne5 Nbd7 7.Nc4 Qc7 8.g3 Nb6
9.Bf4 Qd8 10.Ne5 Nbd5 11.Nxd5 Nxd5 12.Bd2 g6 13.Qf3 f6 14.Ng4 Qb6 15.O-O-O Qxd4
16.h3 Bf5 17.Qb3 Qb6 18.Bc4 Qxb3 19.Bxb3 O-O-O 20.Rhe1 h5 21.Ne3 Nxe3 22.Bxe3 Rxd1+
23.Kxd1 Bxh3 24.Bxa7 e5 25.Ke2 Kc7 26.a4 h4 27.Rg1 hxg3 28.Rxg3 Bf5 29.a5 Rh1
30.Bf7 g5 31.Kd2 g4 32.Bb6+ Kd7 33.f3 Bh6+ 34.Kc3 Rh3 35.Rg1 Rxf3+ 36.Kb4 Bf8+
37.Bc5 Bxc5+ 38.Kxc5 Kc7 39.Bh5 Rf2 40.c4 Rxb2 41.Bxg4 Bxg4 42.Rxg4 Rd2 43.Rg6 Rd6
44.Rg8 Re6 45.Rg7+ Kb8 46.Kb6 c5+ 47.Kxc5 e4 48.Kd5 Re5+ 49.Kd4 e3  0-1

[Event "ch-POL w"]
[Site "Bogatynia POL"]
[Date "2009.07.25"]
[Round "7"]
[White "Kulon,K"]
[Black "Rajlich,I"]
[Result "0-1"]
[WhiteElo "2251"]
[BlackElo "2448"]

1.e4 d5 2.exd5 Qxd5 3.Nc3 Qd6 4.d4 a6 5.Nf3 Nf6 6.g3 Bg4 7.Bg2 Nc6 8.O-O O-O-O
9.d5 Ne5 10.Bf4 Nxf3+ 11.Bxf3 Qd7 12.Bxg4 Qxg4 13.Qxg4+ Nxg4 14.Rfe1 Rg8
15.h3 Nf6 16.Rad1 g5 17.Be5 Ne8 18.Ne4 Nd6 19.Nxd6+ cxd6 20.Bd4 Kd7 21.Rd3 e5
22.Be3 f5 23.Rb3 Kc8 24.f3 Kb8 25.Rc3 f4 26.Bb6 Rd7 27.g4 Be7 28.Kf2 Bd8
29.Bxd8 Rdxd8 30.Ke2 h5 31.Kd3 hxg4 32.hxg4 Rh8 33.Re2 Rh1 34.Ke4 Rf8 35.Rd3 Kc7
36.Rdd2 Kb6 37.c3 Kc5 38.Rh2 Re1+ 39.Rde2 Rh8 40.Kf5 Rxe2 41.Rxe2 Rh1 42.Ke6 Rh6+
43.Kf5 Kxd5 44.Rd2+ Kc5 45.b3 Rh3 46.Rf2 b5 47.Kxg5 b4 48.c4 Kd4 49.Rd2+ Ke3
50.Rxd6 Kxf3 51.Rd3+ Kg2 52.Rxh3 Kxh3 53.c5 f3 54.c6 f2 55.c7 f1=Q 56.c8=Q Qf4+
57.Kh5 Qf7+ 58.Kg5 Qg7+ 59.Kh5 Qh7+ 60.Kg5 Qh4+  0-1

[Event "ZMD Open"]
[Site "Dresden GER"]
[Date "2009.07.25"]
[Round "1"]
[White "Bueder,T"]
[Black "Wunderlich,M"]
[Result "1-0"]
[WhiteElo "2201"]
[BlackElo "1807"]

1.e4 d5 2.exd5 Qxd5 3.Nc3 Qd6 4.d4 Nf6 5.Bc4 a6 6.Nf3 b5 7.Bb3 Bb7 8.O-O Nbd7
9.Qe2 Nb6 10.Ne5 e6 11.a4 b4 12.a5 bxc3 13.axb6 cxb6 14.bxc3 b5 15.c4 Qxd4
16.cxb5 Qxa1 17.Nxf7 Bd5 18.Bxd5 Nxd5 19.Qxe6+ Ne7 20.Nd6+ Kd8 21.Nb7+ Ke8
22.Nd6+ Kd8 23.Nf7+ Ke8 24.Bg5 Qa3 25.Rd1 h6 26.Ne5  1-0

[Event "Politiken Cup"]
[Site "Helsingor DEN"]
[Date "2009.07.25"]
[Round "9"]
[White "Nielsen,Ni"]
[Black "Jensen,Mo"]
[Result "1-0"]
[WhiteElo "2145"]
[BlackElo "2026"]

1.e4 d5 2.exd5 Qxd5 3.Nc3 Qd6 4.d4 Nf6 5.Bc4 a6 6.Bb3 Nc6 7.Nge2 Bg4 8.f3 Bh5
9.Bf4 Qd7 10.Qd2 e6 11.h4 h6 12.O-O-O O-O-O 13.a3 Bg6 14.Rhe1 Kb8 15.g4 Bd6
16.Be3 e5 17.d5 Ne7 18.Bg1 Nxg4 19.fxg4 Qxg4 20.Na4 Qxh4 21.c4 Nc8 22.Nec3 e4
23.c5 Bg3 24.Re3 Bf4 25.Qd4 Ne7 26.Qb4 c6 27.Kb1 Bxe3 28.Bxe3 cxd5 29.Bxd5 Nxd5
30.Nxd5 Qh5 31.Bf4+ Ka8 32.Nc7+ Kb8 33.Nxa6+ Ka8 34.Nc7+ Kb8 35.Nd5+  1-0

[Event "13th Battle of Senta Open A"]
[Site "Senta SRB"]
[Date "2009.07.25"]
[Round "9"]
[White "Csirik,A"]
[Black "Bodiroga,P"]
[Result "0-1"]
[WhiteElo "2281"]
[BlackElo "2431"]

1.e4 d5 2.exd5 Qxd5 3.Nc3 Qd6 4.d4 Nf6 5.Nf3 c6 6.Ne5 Nbd7 7.Nc4 Qc7 8.a4 g6
9.Bg5 Bg7 10.Qd2 O-O 11.Be2 Nb6 12.Ne5 Be6 13.h4 Rad8 14.O-O-O c5 15.Nb5 Qc8
16.Nxa7 Qb8 17.Qa5 cxd4 18.Qxb6 Qxe5 19.Rhe1 Nd5 20.Qc5 d3  0-1

[Event "ch-Africa"]
[Site "Tripoli LBA"]
[Date "2009.07.25"]
[Round "5"]
[White "Kobese,W"]
[Black "Chahrani,I"]
[Result "1-0"]
[WhiteElo "2391"]
[BlackElo "2280"]

1.e4 d5 2.exd5 Qxd5 3.Nc3 Qd6 4.d4 Nf6 5.Bg5 c6 6.Qd2 Bf5 7.O-O-O e6 8.Nf3 Nbd7
9.Nh4 Bg6 10.Nxg6 hxg6 11.Bf4 Qb4 12.a3 Qa5 13.Kb1 Nb6 14.h4 Nfd5 15.Nxd5 Qxd5
16.Bg5 Be7 17.Bxe7 Kxe7 18.Qe3 Rad8 19.Be2 Nc4 20.Qc3 b5 21.Bxc4 bxc4 22.g3 g5
23.Qe3 gxh4 24.Rxh4 Rxh4 25.gxh4 c5 26.c3 f6 27.Rg1 Kf8 28.dxc5 Qd3+ 29.Qxd3 Rxd3
30.Rg4 Rd7 31.Rxc4 e5 32.c6 Rc7 33.b4 Ke7 34.b5 Kd6 35.Kc2 Rc8 36.a4 f5 37.f3 Kc7
38.f4 e4 39.Rc5 g6 40.Rd5 Kb6 41.c4 Ka5 42.Kb3 a6 43.Rd7  1-0

[Event "ch-Africa"]
[Site "Tripoli LBA"]
[Date "2009.07.25"]
[Round "5"]
[White "Zaibi,A"]
[Black "Homrana,M"]
[Result "1-0"]
[WhiteElo "2123"]
[BlackElo "1987"]

1.e4 d5 2.exd5 Qxd5 3.Nc3 Qd6 4.d4 Nf6 5.Bg5 c6 6.Qd2 Bf5 7.O-O-O e6 8.Nf3 Nbd7
9.Nh4 Bg6 10.Nxg6 hxg6 11.h4 Qc7 12.Bd3 Bb4 13.Kb1 Qa5 14.a3 Bxc3 15.Qxc3 Qxc3
16.bxc3 Nd5 17.Kb2 b5 18.c4 bxc4 19.Bxc4 N7b6 20.Bb3 Rb8 21.Rh3 a5 22.Ka1 a4
23.Ba2 Ne7 24.Rhd3 Nf5 25.g3 Nd6 26.Rb1 Kd7 27.Rb4 Ne4 28.Bf4 Rb7 29.f3 Nf6
30.c4 Kc8 31.Rd1 Na8 32.Rxa4 Nc7 33.Rb1 Nh5 34.Be5 f6 35.Bd6 Rd8 36.c5 Rxb1+
37.Kxb1 Nd5 38.Bxd5 Rxd6 39.cxd6 exd5 40.g4 Nf4 41.Ra7 Ne6 42.h5 gxh5 43.gxh5 Nf4
44.Rc7+ Kd8 45.a4 Ne6  1-0

[Event "Najdorf Mem Open"]
[Site "Warsaw POL"]
[Date "2009.07.25"]
[Round "8"]
[White "Nasuta,G"]
[Black "Wallgren,U"]
[Result "1-0"]
[WhiteElo "2044"]
[BlackElo "2100"]

1.e4 d5 2.exd5 Qxd5 3.Nc3 Qd6 4.d4 Nf6 5.Bc4 a6 6.Bb3 b5 7.a3 Bb7 8.f3 e6
9.Nge2 Nbd7 10.Be3 Be7 11.O-O O-O 12.Ng3 Qb6 13.Qe2 c5 14.Rad1 c4 15.Ba2 Nd5
16.Nxd5 Bxd5 17.c3 a5 18.Ne4 Rfc8 19.Rc1 Rc6 20.Kh1 Rac8 21.Bb1 b4 22.axb4 axb4
23.Bg5 f6 24.Be3 Qc7 25.Qc2 f5 26.Ng5 b3 27.Qd2 Bd6 28.f4 Nf6 29.Rce1 h6
30.Nf3 Ra6 31.Qc1 Rca8 32.h3 Nh5 33.Ne5 Ng3+ 34.Kh2 Nxf1+ 35.Rxf1 Ra1 36.Qd2 Be4
37.Bxe4 Rxf1 38.Bxa8 Bxe5 39.dxe5 Ra1 40.Bf3 Ra2 41.Qd6 Qf7 42.Be2 Rxb2 43.Bxc4 Qg6
44.Bxe6+ Kh7 45.Bg8+  1-0

[Event "OK Open"]
[Site "Oklahoma City USA"]
[Date "2009.07.26"]
[Round "5"]
[White "Wawrzaszek,J"]
[Black "Long,J"]
[Result "1-0"]
[WhiteElo "1920"]
[BlackElo "2019"]

1.e4 d5 2.exd5 Qxd5 3.Nc3 Qd6 4.g3 Nf6 5.Bg2 c6 6.d4 Bg4 7.Nf3 Nbd7 8.O-O e6
9.Re1 Be7 10.Rb1 Qc7 11.Bf4 Bd6 12.Bxd6 Qxd6 13.h3 Bh5 14.g4 Bg6 15.Qe2 O-O
16.Rbd1 Nd5 17.Nxd5 cxd5 18.b3 Rac8 19.c4 dxc4 20.bxc4 Qa6 21.d5 exd5 22.cxd5 Qxe2
23.Rxe2 Rfe8 24.Rxe8+ Rxe8 25.Rc1 Nb6 26.Nh4 Rc8 27.Rd1 Bc2 28.Rd2 Nd7 29.d6 b6
30.Re2 Ba4 31.Nf5 Rc1+ 32.Kh2 Kf8 33.Bf3 g6 34.Nh6 Kg7 35.g5 Rc5 36.Re7 Ne5
37.Bg2 Nd7 38.Rxf7+ Kh8 39.Re7 Nf8 40.Rxa7 Bd7 41.Ng4 Bxg4 42.hxg4 Rc8 43.Re7 Rd8
44.Rf7 Nd7 45.f4 Nc5 46.Bd5 Nd7 47.Bc6 Nb8 48.Bb5 Rxd6 49.Rf8+ Kg7 50.Rxb8 Rd2+
51.Kg3 Rxa2 52.Rb7+ Kh8 53.Rb8+ Kg7 54.Bc4 Ra3+ 55.Kh4 h6 56.Rb7+ Kh8 57.gxh6 b5
58.Bxb5 Rb3 59.Kg5 Re3 60.Kxg6 Re6+ 61.Kh5 Re1 62.Rb8+ Kh7 63.Bd3+ Re4 64.Bxe4+  1-0

[Event "2nd Open"]
[Site "Paleohora GRE"]
[Date "2009.07.26"]
[Round "7"]
[White "Chulivska,V"]
[Black "Kharitonov,Alexandr"]
[Result "0-1"]
[WhiteElo "2304"]
[BlackElo "2534"]

1.e4 d5 2.exd5 Qxd5 3.Nc3 Qd6 4.d4 Nf6 5.Nf3 g6 6.Bc4 Bg7 7.Be3 O-O 8.Qd2 a6
9.Bf4 Qd8 10.O-O-O b5 11.Bb3 Bg4 12.h3 Bxf3 13.gxf3 Nbd7 14.Ne4 Qc8 15.Qe3 a5
16.a3 Nxe4 17.fxe4 c5 18.dxc5 Nxc5 19.Bd5 Ra6 20.e5 b4 21.h4 bxa3 22.Qxa3 Qf5
23.Bg5 Rc8 24.f4 e6 25.Bg2 h6 26.Rd4 hxg5 27.hxg5 Qg4 28.Bh3 Qe2 29.Bf1 Qe1+
30.Rd1 Qe4 31.Bxa6 Nxa6 32.c3 Qxf4+ 33.Kb1 Qxe5 34.Qe7 Qe4+ 35.Ka1 Qa4+ 36.Kb1 Qe8
37.Qa7 Nc7 38.Rh3 Nd5 39.Rdh1 Qb5 40.Ka1 Qa4+ 41.Kb1 Nxc3+ 42.bxc3 Qb3+ 43.Kc1 Rxc3+
44.Rxc3 Qxc3+  0-1

[Event "Czech Open A"]
[Site "Pardubice CZE"]
[Date "2009.07.26"]
[Round "3"]
[White "Maslak,K"]
[Black "Cifka,S"]
[Result "1-0"]
[WhiteElo "2545"]
[BlackElo "2420"]

1.e4 d5 2.exd5 Qxd5 3.Nc3 Qd6 4.d4 Nf6 5.Nf3 c6 6.Ne5 Nbd7 7.Nc4 Qc7 8.Qf3 Nb6
9.Ne5 Qd6 10.Be3 Nbd5 11.Nxd5 Qxd5 12.Bc4 Qxf3 13.Bxf7+ Kd8 14.Nxf3 e6 15.Ne5 Bd6
16.Bg5 Kc7 17.Nc4 Ne4 18.Bh4 g6 19.f3 Bb4+ 20.c3 Nxc3 21.Bg3+ Kd8 22.a3 b5
23.Ne5 Bd6 24.Bxg6 Kc7 25.Nf7 Bxg3+ 26.hxg3 Rg8 27.Rxh7 Kb6 28.Ne5  1-0

[Event "Women's Open"]
[Site "Vratsa BUL"]
[Date "2009.07.26"]
[Round "2"]
[White "Videnova,I"]
[Black "Chelushkina,I"]
[Result "1-0"]
[WhiteElo "2197"]
[BlackElo "2357"]

1.e4 d5 2.exd5 Qxd5 3.Nc3 Qd8 4.d4 Nf6 5.Nf3 g6 6.Bc4 Bg7 7.O-O O-O 8.Ne5 c6
9.a3 Nbd7 10.Re1 Nb6 11.Bb3 a5 12.h3 a4 13.Ba2 Nfd5 14.Ne4 Nd7 15.c4 Nc7
16.f4 Nxe5 17.fxe5 Bf5 18.Nc3 f6 19.c5+ Kh8 20.e6 g5 21.Nxa4 Nb5 22.Be3 Be4
23.Nb6 f5 24.Nxa8 Nxd4 25.Nb6 Bc2 26.Qd2 f4 27.Bxd4 Qxd4+ 28.Qxd4 Bxd4+ 29.Kh2 g4
30.Rac1 g3+ 31.Kh1 Bf5 32.Nd7 Rg8 33.Rf1 Be3 34.Rce1 Bxh3 35.Rxe3 fxe3 36.Re1 Bf5
37.Rxe3 h5 38.Rf3 Be4 39.Rf4 Bg6 40.Kg1 Kg7 41.Rf3 h4 42.Rf4 Rh8 43.Rg4 Rh5
44.Bb1 Rd5 45.Rxg6+ Kh8 46.Rh6+ Kg7 47.Rh7+ Kg8 48.Kf1 Rd1+ 49.Ke2 Rxb1 50.Rxe7 Rxb2+
51.Kf3 h3 52.Nf6+ Kf8  1-0

[Event "ch-AUT"]
[Site "Jenbach AUT"]
[Date "2009.07.27"]
[Round "3"]
[White "Theuretzbacher,K"]
[Black "Spiesberger,G"]
[Result "1/2-1/2"]
[WhiteElo "2200"]
[BlackElo "2106"]

1.e4 d5 2.exd5 Qxd5 3.Nc3 Qd6 4.d4 c6 5.Nf3 Bg4 6.Be2 e6 7.Be3 Nf6 8.Qd2 Qc7
9.a3 Nbd7 10.h3 Bxf3 11.Bxf3 Nb6 12.Qe2 Nbd5 13.Nxd5 Nxd5 14.Bd2 Be7 15.c4 Nf6
16.O-O O-O 17.Rfe1 Rfd8 18.Bc3 Rd7 19.g3 Rad8 20.Qe5 Qxe5 21.dxe5 Ne8 22.Rad1 Rxd1
23.Rxd1 Rxd1+ 24.Bxd1 c5 25.Bf3 b6 26.Kf1 f6 27.Bc6 Kf7 28.Bxe8+ Kxe8 29.exf6 gxf6
30.Ke2 Kf7 31.Kf3 Bd6 32.b3 h5 33.Bd2 f5 34.Bg5 e5 35.g4 hxg4+ 36.hxg4 Ke6
37.Bh6 Kf6 38.Bd2 e4+ 39.Ke3 Kg5 40.gxf5 Kxf5 41.Bc3 Be5 42.Be1 Bd4+ 43.Ke2 Bb2
44.a4 Ke5 45.Kd2 Ba3 46.Ke3 Bc1+ 47.Ke2 Kd4 48.a5 Ba3 49.a6 Bb4 50.Bd2 Bxd2
51.Kxd2 Ke5 52.Ke1 Kf5  1/2-1/2

[Event "14th Open"]
[Site "Creon FRA"]
[Date "2009.07.28"]
[Round "3"]
[White "Borrat,J"]
[Black "Lapeyre,P"]
[Result "1-0"]
[WhiteElo "1769"]
[BlackElo "2109"]

1.e4 d5 2.exd5 Qxd5 3.Nc3 Qd6 4.d4 Nf6 5.h3 c6 6.Nf3 Bf5 7.Nh4 Be6 8.Nf3 Nbd7
9.Be3 Nb6 10.Bd3 h6 11.Qe2 Qb4 12.O-O g5 13.Ne5 Rg8 14.Ne4 Nbd7 15.c3 Qa5
16.b4 Qc7 17.Nc5 Nxc5 18.bxc5 Nd7 19.Rab1 Nxe5 20.dxe5 Rd8 21.Bc4 Bf5 22.e6 fxe6
23.Bd4 g4 24.hxg4 Bxg4 25.Qe3 Bf5 26.Qe2 Qf4 27.Rxb7 Qg5 28.Qf3 Rc8 29.Re1 Qg6
30.Rxa7 h5 31.Ba6 Rd8 32.Qxc6+ Kf7 33.Qf3 h4 34.Bc4 Ke8 35.Qc6+ Kf7 36.Qf3 Ke8
37.Bb5+ Kf7 38.Bc4 Ke8 39.Bb5+ Kf7 40.Bc4 Ke8 41.c6 h3 42.g3 Bg4 43.Qf4 h2+
44.Kg2 Qh5 45.c7 Rc8 46.Rb7 Rg5 47.Rb8 Qh3+ 48.Kh1 e5 49.Bb5+ Bd7 50.Rxc8+  1-0